Normal view
MARC view
- Discussion groups
Entry Topical Term
001 - CONTROL NUMBER
- control field: 45123
003 - CONTROL NUMBER IDENTIFIER
- control field: OSt
005 - DATE AND TIME OF LATEST TRANSACTION
- control field: 20220420153009.0
008 - FIXED-LENGTH DATA ELEMENTS
- fixed length control field: 220420|| aca||aabn | a|a d
040 ## - CATALOGING SOURCE
- Original cataloging agency: OSt
- Transcribing agency: OSt
150 ## - HEADING--TOPICAL TERM
- Topical term or geographic name entry element: Discussion groups
- General subdivision: Moderator.
670 ## - SOURCE DATA FOUND
- Source citation: Work cat.: (OSt): Johnson, Maryfran. 45122, How to be a good panel moderator/, ©2010-2011.
